|
|
|
|
| LEADER |
00000nam0a2200000 4500 |
| 001 |
271330 |
| 005 |
20231101234427.0 |
| 035 |
|
|
|a (RuTPU)RU\TPU\book\294511
|
| 090 |
|
|
|a 271330
|
| 100 |
|
|
|a 20141007d1953 k y0rusy50 ca
|
| 101 |
0 |
|
|a rus
|
| 102 |
|
|
|a RU
|
| 105 |
|
|
|a a z 001zy
|
| 200 |
1 |
|
|a Стратиграфия и тектоника Русской платформы: вопросы геохимии и региональной геологии
|f Всесоюзный нефтяной научно-исследовательский геологоразведочный институт (ВНИГРИ)
|
| 210 |
|
|
|a Москва
|a Ленинград
|c Гостоптехиздат
|d 1953
|
| 215 |
|
|
|a 176 с.
|c ил.
|
| 225 |
1 |
|
|a Труды
|v Вып. 3
|
| 320 |
|
|
|a Библиогр. в конце статей
|
| 606 |
1 |
|
|a Стратиграфия
|2 stltpush
|3 (RuTPU)RU\TPU\subj\57192
|9 75055
|
| 606 |
1 |
|
|a Полезные ископаемые
|x Геология
|2 stltpush
|3 (RuTPU)RU\TPU\subj\50069
|9 68818
|
| 610 |
1 |
|
|a палеозойские отложения
|
| 610 |
1 |
|
|a мезозойские отложения
|
| 610 |
1 |
|
|a фации
|
| 610 |
1 |
|
|a Русская платформа
|
| 610 |
1 |
|
|a тектоника
|
| 610 |
1 |
|
|a нефтеносность
|
| 610 |
1 |
|
|a геохимия
|
| 610 |
1 |
|
|a региональная геология
|
| 675 |
|
|
|a 551.7
|v 3
|
| 675 |
|
|
|a 553
|v 3
|
| 712 |
0 |
2 |
|a Всесоюзный нефтяной научно-исследовательский геологоразведочный институт (ВНИГРИ)
|c (Ленинград)
|c (1929-1991)
|2 stltpush
|3 (RuTPU)RU\TPU\col\7662
|
| 801 |
|
1 |
|a RU
|b 63413507
|c 20141007
|
| 801 |
|
2 |
|a RU
|b 63413507
|c 20141013
|g RCR
|
| 942 |
|
|
|c BK
|